000 01111nam a2200277 a 4500
001 BRCA_1773
005 20190320203537.0
008 920518s1991 mx-a---##b---s001-0#spa-#
020 _a9686341226
040 _aDLC
_cDLC
_dDLC
050 4 _aNA5253
_b.R43 1991
100 1 _aRéau, Marie Thérèse
_95518
245 1 0 _aPortadas franciscanas
_bla decoración exterior de las iglesias de México en el siglo XVIII : regiones de Texcoco, Toluca, Tepalcingo y Sierra Gorda
_cMarie Thérèse Réau ; traducción Luz María Santamaría.
260 _aMéxico
_bGobierno del Estado de México : Secretaría de Finanzas
_c1991
300 _a534 p.
_bil., mapas
_c30 cm.
500 _aIncluye índice de lugares
500 _aColección Sonia Corcuera de Mancera
504 _aBibliografía: p. [525]-531
650 1 4 _aUmbrales de la iglesia
_zMéxico
_95519
650 1 4 _aUmbrales de piedra
_zMéxico
_95520
650 1 4 _aEscultura en relieve
_zMéxico
_93961
650 1 4 _aDecoración y ornamentación arquitectónica
_zMéxico
_95521
700 1 _aSantamaría, Luz María
_95522
902 _aDSC
942 _2lcc
_cB
999 _c1555
_d1555